Cenová regulácia, jej podstata a účel v cenotvorbe vo vybraných sektoroch ekonomiky Slovenska diplomová práca

Enregistré dans:
Détails bibliographiques
Auteur principal: Nôžková, Nina
Collectivité auteur: Fakulta podnikového manažmentu EU. Katedra podnikovohospodárska
Autres auteurs: Kufelová, Iveta, 1970-
Format: Livre
Langue:slovaque
Publié: Bratislava 2022
Tags: Ajouter un tag
Pas de tags, Soyez le premier à ajouter un tag!

MARC

LEADER 00000nbm a2200000 4500
001 0285607
005 20230216100155.6
041 0 |a slo 
044 |a SK 
245 1 0 |a Cenová regulácia, jej podstata a účel v cenotvorbe vo vybraných sektoroch ekonomiky Slovenska  |b diplomová práca  |c Nina Nôžková ; školiteľ: Iveta Kufelová 
264 1 |a Bratislava  |c 2022 
300 |a 67 s. 
100 1 |a Nôžková, Nina 
700 1 |a Kufelová, Iveta, 1970- 
710 2 |a Fakulta podnikového manažmentu EU. Katedra podnikovohospodárska